1514 1052 1409 1783 1330 1763 1709 1289 1368 1243 1643 1317 1350 1556 1745 1909 1720 1041 1949 1393 1754 1932 1062 1373 1628 1611 1401 1125 1356 1085 1224 1360 1955 1073 1225 1181 1622 1442 1333 1114 1431 1232 1654 1585 1039 1111 1664 1208 1873 1521 1748 1077 1815 1053 1334 1109 1894 1598 1701 1558 1853 1004 1140 1135 1495 1110 1358 1612 1707 1322 1835 1806 1774 1275 1586 1214 1502 1956 1432 1655 1746 1169 1954 1278 1447 1702 1031 1009 1911 1279 1117 1936 1713 1261 1981 1072 1682 1832 1022 BCNSPRNW ULIB Ver.6.0+V

เปลี่ยนเป็นภาษาไทย

Change to English
 แสดงรายละเอียดบรรณานุกรม
  กลับหน้าหลัก

Brief Record : Get Marc (ISO 2709) : E-mail record : QR code < ปิดหน้าต่าง
LEADER : 00000nam 2200000uu 4500
001    13399123555
003     ULIB
008    020711s2556 th a 000 0 tha d
020    9786163351197
060    WC515^bป418ร
100    ประเสริฐ ทองเจริญ
245    ระบาดบันลือโลก 20 : ไข้หวัดใหญ่/ไข้หวัดนก /^cประเสริฐ ทองเจริญ
250    พิมพ์ครั้งที่ 1
260    กรุงเทพฯ :^bอักษรสมัย(๑๙๙๙),^c2556
300    245 หน้า;^b18.5 ซม.
650    ไข้หวัดใหญ่
650    ไข้หวัดนก
945    ^p200^l0^i21131
945    ^p200^l0^i21132
945    ^p200^l0^i21133
945    ^p200^l0^i21134
945    ^p200^l0^i21135
รายการนี้ยังไม่มีแท็ก
คุณยังไม่ได้ล็อกอิน คุณสามารถมีกิจกรรมร่วมกับเว็บไซต์ได้ แต่ต้องล็อกอินก่อน ::
  ล็อกอิน

รายการสื่อสารสนเทศ

ลำดับที่ ประเภท เลขเรียก/บาร์โค้ด สถานที่ สถานะ
1. วิทยาศาสตร์การแพทย์ และสุขภาพ
หนังสือสำรอง
สถานะ=หนังสือสำรอง
WC515 ป418ร ฉ.1 
  Barcode: 21131
ห้องสมุดวิทยาเขตนครสวรรค์
►หนังสือทั่วไป:l:General Books
บนชั้น
2. วิทยาศาสตร์การแพทย์ และสุขภาพ
วิทยาศาสตร์การแพทย์ และสุขภาพ
WC515 ป418ร ฉ.2 
  Barcode: 21132
ห้องสมุดวิทยาเขตนครสวรรค์
►หนังสือทั่วไป:l:General Books
บนชั้น
3. วิทยาศาสตร์การแพทย์ และสุขภาพ
วิทยาศาสตร์การแพทย์ และสุขภาพ
WC515 ป418ร ฉ.3 
  Barcode: 21133
ห้องสมุดวิทยาเขตนครสวรรค์
►หนังสือทั่วไป:l:General Books
บนชั้น
4. วิทยาศาสตร์การแพทย์ และสุขภาพ
วิทยาศาสตร์การแพทย์ และสุขภาพ
WC515 ป418ร ฉ.4 
  Barcode: 21134
ห้องสมุดวิทยาเขตนครสวรรค์
►หนังสือทั่วไป:l:General Books
บนชั้น
5. วิทยาศาสตร์การแพทย์ และสุขภาพ
วิทยาศาสตร์การแพทย์ และสุขภาพ
WC515 ป418ร ฉ.5 
  Barcode: 21135
ห้องสมุดวิทยาเขตนครสวรรค์
►หนังสือทั่วไป:l:General Books
บนชั้น

รายการใกล้เคียง
    ผู้แต่ง [ประเสริฐ ทองเจริญ]

    หัวเรื่อง [ไข้หวัดใหญ่]
    หัวเรื่อง [ไข้หวัดนก]

BibComment


ยังไม่เคยถูกคอมเมนท์

คอมเมนท์ทรัพยากรรายการนี้
  คอมเมนท์: ระบาดบันลือโลก 20..


 Copyright 2026. Bcnsprnw @Library